000 00384nam a22001337a 4500
020 _qHB.
040 _cFIZZA ISHAQ
082 _a422.4
_bWED
100 _aWedeck , Harry E.
_9133810
245 _aShort Dictionary of Classical Word Origins /
_c Harry E Wedeck.
260 _aNew York:
_bPhilosophical Library,
_c1957.
300 _a85 P. ;
_c5.5 x 0.24 x 8.5 inches
942 _2ddc
_cBK
999 _c616778
_d616778